[Event "19th Delhi GM Open 2022"]
[Site "Delhi"]
[Date "2022.03.22"]
[Round "1.1"]
[White "Manigandan, S S"]
[Black "Erigaisi Arjun"]
[Result "0-1"]
[WhiteElo "2127"]
[BlackElo "2633"]
[Annotator "TA"]
[PlyCount "78"]
[EventDate "2022.03.22"]
[EventType "swiss"]
[EventCountry "IND"]
[SourceTitle "playchess.com"]
[Source "ChessBase"]
[SourceQuality "1"]

{[%evp 14,78,56,36,38,22,35,23,45,25,28,6,18,0,12,22,34,-3,0,0,22,0,0,0,0,0,0,0,0,0,0,0,0,-32,0,-59,-49,-58,-35,-94,-80,-90,-78,-72,-85,-85,-89,-79,-71,-164,-141,-141,-151,-677,-654,-691,-627,-6495,-6020,-6118,-989,-5828,-1833,-5618,-5327,-29982,-29983]} 1. d4 e6 2. c4 c5 3. d5 exd5 4. cxd5 d6 5. Nc3 a6 6. a4 g6 7. e4 Bg7 8. Nf3 Bg4 {A43: Schmid Benoni.} 9. Bf4 {[#]} Qb6 $146 ({Predecessor:} 9... Ne7 10. Be2 Bxf3 11. Bxf3 O-O 12. O-O Nc8 13. Qd2 Nd7 14. Rfe1 Ne5 15. Be2 Ne7 16. Bg3 {1-0 (41) Ionov,S (2480)-Dobos,J (2360) Budapest 1990}) 10. Qc2 {[#] Hoping for Nd2.} Bxf3 {White has an edge.} 11. gxf3 Nf6 12. Bh3 O-O 13. O-O Nbd7 {[%cal Of6h5]} 14. Ra3 Nh5 15. Bg3 Qc7 16. a5 Rae8 {[%cal Ba8e8,Be8e5,Be5h5,Bh5h4][%mdl 32]} 17. Na4 Be5 18. Nc3 Nf4 19. Bxf4 Bxf4 20. Ne2 Bh6 21. b4 Re5 22. f4 Rh5 23. Rg3 Re8 (23... Rh4 $5 {[%cal Rd7f6]}) 24. f3 ({White should play} 24. Rc1 $11) 24... Rh4 25. Bg4 Qd8 (25... Nf6 $5 {[%cal Rc5c4]}) 26. Bxd7 (26. Rb1 $15) 26... Qxd7 $17 27. bxc5 {[#]} Rc8 {Prevents c6.} 28. c6 bxc6 29. dxc6 Rxc6 30. Qd2 Qc7 {Threatens to win with ...Rh5.} 31. Rg4 (31. Rg2 $17) 31... Rh5 {...Rc2 is the strong threat.} 32. Nd4 {To avoid Rc2} Rc4 33. Nb3 {Inhibits Qc5+. This move loses the game for White.} (33. Nf5 $17) 33... Rc2 $19 {[%cal Bc4c2,Bc2h2,Bh2h1][%mdl 32]} 34. Qd3 Rcxh2 {[%cal Od6d5] White must now prevent ...d5!} 35. Rf2 Rh1+ 36. Kg2 R5h2+ 37. Kg3 Rh3+ 38. Kg2 Bg7 {( -> ...h5)} 39. Rg5 h5 {Weighted Error Value: White=0.66/Black=0.06 (flawless)} 0-1

[Event "19th Delhi GM Open 2022"]
[Site "Delhi"]
[Date "2022.03.22"]
[Round "1.2"]
[White "Ponkratov, Pavel"]
[Black "Bala Kannamma P"]
[Result "1-0"]
[WhiteElo "2641"]
[BlackElo "2120"]
[Annotator "TA"]
[PlyCount "93"]
[EventDate "2022.03.22"]
[EventType "swiss"]
[EventCountry "IND"]
[SourceTitle "playchess.com"]
[Source "ChessBase"]
[SourceQuality "1"]

{[%evp 9,93,-20,-2,-41,0,0,5,8,0,0,4,0,8,0,0,0,0,0,15,11,20,14,41,26,43,32,23,27,51,39,60,56,65,43,47,55,55,55,120,125,123,127,132,89,147,148,148,149,150,143,150,163,152,142,376,358,427,433,420,309,309,294,253,273,310,309,289,243,224,216,201,174,463,447,417,311,306,306,304,304,29977,29978,5385,1225,5322,5322]} 1. d4 Nf6 2. c4 e6 3. Nc3 Bb4 4. Qa4 c5 5. Nf3 {[#]} O-O $146 ({Predecessor:} 5... Nc6 6. e3 O-O 7. Bd2 b6 8. Bd3 Bb7 9. O-O d5 10. cxd5 exd5 11. Bb5 Qc7 12. Bxc6 Bxc6 {0-1 (33) Sull,G (2120)-Hajnal,Z (2300) Hungary 1999}) 6. dxc5 {E20: Nimzo-Indian: 4 g3 and 4 f3.} Bxc5 (6... Bxc3+ $15 {should be considered.} 7. bxc3 Na6) 7. e3 $11 Nc6 8. Be2 {The position is equal.} b6 9. O-O Bb7 10. a3 a6 11. Qc2 Be7 12. b4 Rc8 13. Bb2 Qc7 14. Rfd1 d6 15. Rac1 {[%cal Oc3d5]} Nb8 {[%cal Bc6b8,Bb8d7,Bd7e5][%mdl 32]} 16. Qd3 Nbd7 17. Qd4 Qb8 18. Nd2 {[%cal Bf3d2,Bd2f1,Bf1g3][%mdl 32]} Qa8 19. e4 Ne8 20. Qe3 h6 21. Nf1 Ne5 22. Na4 ({Much weaker is} 22. Qxb6 Nxc4 23. Bxc4 Rxc4 $11) 22... Nd7 23. Ng3 $36 {[%mdl 2048] White is more active.} Bc6 (23... Bd8 $14) 24. Nxb6 $16 {White is much more active. Black has bad knights.} Nxb6 25. Qxb6 Bg5 {[#]} 26. Rb1 (26. Ra1 $142 $1) 26... Bxe4 ({Black should try} 26... Ba4) 27. Nxe4 Qxe4 28. Bd3 {A strong pair of Bishops.} (28. Qxa6 Nc7 29. Qxd6 Qxe2 $11) 28... Qa8 29. b5 axb5 30. cxb5 d5 31. Qd4 Bf6 $2 {Black cannot hold the game after this.} (31... Be7 $16 {keeps fighting.} 32. a4 Nf6) 32. Qb4 $18 Bxb2 33. Rxb2 (33. Qxb2 Qa5 $14) 33... Qb8 34. Bh7+ Kxh7 35. Qxf8 Nd6 36. Qe7 Qb6 37. h3 Rc4 38. Rf1 Kg6 39. Rb4 Rxb4 40. axb4 {[%mdl 4096] [#] Endgame Hoping for h4. KQR-KQN} d4 $2 (40... Nxb5 41. Qc5 Qb8) 41. Rc1 Nxb5 42. Qc5 Qb8 43. Re1 Kf6 44. Ra1 {Strongly threatening Ra5.} (44. Qh5 Qb6 $16) 44... e5 $2 (44... Qb7 $18 45. Kf1 (45. Ra5 d3 $18) 45... d3) 45. Ra6+ Kf5 46. Rb6 (46. Qc2+ $142 e4 47. Qc5+ Qe5 48. Qc8+ Qe6 49. Rxe6 fxe6 50. Qc5+ e5 51. Qxb5) 46... Qc7 47. Rxb5 {Weighted Error Value: White=0.12 (very precise) /Black=0.40} 1-0

[Event "19th Delhi GM Open 2022"]
[Site "Delhi"]
[Date "2022.03.22"]
[Round "1.3"]
[White "Franco Valencia, Angela"]
[Black "Gupta, Abhijeet"]
[Result "0-1"]
[WhiteElo "2116"]
[BlackElo "2628"]
[Annotator "TA"]
[PlyCount "114"]
[EventDate "2022.03.22"]
[EventType "swiss"]
[EventCountry "IND"]
[SourceTitle "playchess.com"]
[Source "ChessBase"]
[SourceQuality "1"]

{[%evp 13,114,41,37,10,20,8,23,2,29,-13,-12,-18,-11,-12,0,-30,-25,-67,-18,-32,-25,-27,-18,-77,-29,-31,5,-72,-86,-77,-35,-56,-44,-82,-69,-67,-62,-70,-73,-68,-45,-96,0,0,0,-129,-136,-146,-138,-136,-136,-143,-137,-137,-139,-137,-137,-194,-179,-194,-199,-186,-171,-171,-164,-164,-154,-162,-154,-242,-241,-220,-86,-289,-285,-313,-314,-314,-314,-425,-421,-457,-457,-957,-946,-12814,-12794,-12825,-12814,-12813,-2397,-12819,-2956,-12805,-6536,-12820,-3985,-12801,-11143,-2532,-2233,-12841,-12841]} 1. e4 c5 2. Nf3 d6 3. d4 cxd4 4. Nxd4 Nf6 5. Nc3 a6 6. g3 Nc6 7. Bg2 Bd7 8. Nb3 {B91: Sicilian Najdorf: 6 g3.} g6 9. O-O Bg7 10. h3 {White has an edge.} O-O 11. Re1 (11. f4 $142) 11... b5 $11 {[#]} 12. Bg5 $146 ({Predecessor:} 12. a4 Rb8 13. axb5 axb5 14. Nd5 Ne8 15. c3 Ne5 16. Bg5 f6 17. Bc1 e6 18. Nb4 {1-0 (30) Onischuk,V (2622)-Baches Garcia,G (2329) Chess.com INT 2020}) 12... h6 13. Be3 Ne5 14. Qc1 Kh7 15. Nd5 (15. Nd2 $11) 15... Nc4 (15... Nxd5 $15 16. exd5 Rc8) 16. Bd4 e5 17. Nxf6+ Bxf6 18. Be3 (18. Bc3 $11 {keeps the balance.}) 18... Bg7 (18... Nxe3 $17 19. Qxe3 Be6) 19. Nd2 Rc8 20. b3 (20. Nxc4 $11 Rxc4 21. Qd2) 20... Nxe3 $17 21. Rxe3 Be6 ({Black should play} 21... f5 $17 22. Rd3 Qb6) 22. c4 $15 f5 {[%cal Bf7f5,Bf5f4][%mdl 32]} 23. Qa3 Qb6 24. Rd3 $1 b4 25. Qb2 f4 26. g4 a5 {[%cal Ba6a5,Ba5b4][%mdl 32] Black is more active.} 27. a4 ({White should try} 27. Nf3 $15) 27... bxa3 (27... Rfd8 $17) 28. Qxa3 $11 Rc5 29. b4 (29. Bf1 $11) 29... axb4 $17 ({Worse is} 29... Qxb4 30. Rxd6 Qxa3 31. Rxa3 Bxc4 32. Nxc4 Rxc4 33. Rxa5 $11) 30. Qa6 Rc6 31. Qxb6 Rxb6 32. Rb3 Rfb8 33. Bf1 Bf6 34. Nf3 Bd8 35. Ne1 (35. Ra4 $17 {might work better.}) 35... h5 $19 36. gxh5 gxh5 37. Ra4 Bh4 38. Nf3 Rg8+ 39. Bg2 Bd8 {And now ...Bxh3 would win. This bishop pair is nice.} ({Much less strong is} 39... Bxc4 40. Rbxb4 Rxb4 41. Rxb4 $16) 40. Kh2 Bxc4 41. Rbxb4 {[#]} (41. Rb2 $17) 41... Bb5 $1 42. Ra7+ Kh8 (42... Rg7 $19 {has better winning chances.} 43. Rxg7+ Kxg7) 43. Ra8 {Now White is beyond hope.} (43. h4 $17 {was called for.}) 43... Bd3 44. Rxb6 Bxb6 45. Rxg8+ Kxg8 {[%mdl 4096] Endgame KBB-KBN} 46. Ne1 Bb1 {Black is clearly winning.} 47. Kg1 Ba5 48. Kf1 (48. Nf3 $142 Bxe4 49. Nxe5 Bxg2 50. Nc4 Bxh3 51. Nxa5) 48... Bxe1 49. Kxe1 {[#] KB-KB} h4 $1 50. Ke2 Ba2 51. Kd3 Kf7 52. Ke2 Be6 (52... Bc4+ $142 53. Kd2 Ke7) 53. Kd3 Ke7 54. Kc3 Kd7 55. Bf1 Kc6 {...Kb6 is the strong threat.} 56. Bg2 Kc5 57. Bf1 f3 {Weighted Error Value: White=1.07/Black=0.23 (precise)} 0-1

[Event "19th Delhi GM Open 2022"]
[Site "Delhi"]
[Date "2022.03.22"]
[Round "1.4"]
[White "Delgado Ramirez, Neuris"]
[Black "Soham Datar"]
[Result "1-0"]
[WhiteElo "2615"]
[BlackElo "2115"]
[Annotator "TA"]
[PlyCount "97"]
[EventDate "2022.03.22"]
[EventType "swiss"]
[EventCountry "IND"]
[SourceTitle "playchess.com"]
[Source "ChessBase"]
[SourceQuality "1"]

{[%evp 15,97,0,9,5,6,-17,0,-4,37,39,75,75,94,95,84,71,75,77,73,78,75,75,83,69,89,104,110,104,94,99,120,98,95,92,95,104,151,125,138,103,158,130,206,189,186,170,271,268,258,275,270,270,296,289,301,271,345,342,379,375,406,424,542,491,537,524,597,597,2082,1869,1907,1896,29984,29985,29984,29985,29985,29986,29986,29982,29982,29983,29981,29982]} 1. e4 c5 2. Nf3 d6 3. Bc4 e6 4. d3 Nc6 5. c3 Nf6 6. Bb3 Be7 7. O-O O-O 8. Re1 b5 9. d4 {B50: Sicilian: 2...d6, Miscellaneous.} Bb7 10. Nbd2 {[%cal Bb1d2,Bd2f1,Bf1e3,Be3c4][%mdl 32]} cxd4 11. cxd4 {The position is equal.} e5 (11... a5 $11) 12. d5 $14 Na5 {[#]} 13. Bc2 $1 {[#]} Qc7 $146 ({Predecessor:} 13... Rc8 14. Bd3 Qd7 15. b3 Ba6 16. Nf1 Nb7 17. b4 Nd8 18. a4 Qb7 19. axb5 Bxb5 20. Bxb5 Qxb5 21. Rxa7 {1-0 (28) Bauer,C (2639)-Ioannidis,E (2411) Europe Echecs INT 2021}) 14. Bd3 a6 15. Nf1 Bc8 16. Bd2 Nc4 17. Qc2 Qb7 18. Bxc4 bxc4 19. Ne3 Bd7 20. Nxc4 Rfc8 21. b3 Bb5 22. h3 Nd7 23. Be3 {Prevents Nb6.} f5 24. exf5 {White is much more active.} Qxd5 {[%cal Rb5c4]} 25. Rac1 h6 (25... Qf7 $142) 26. a4 $16 Bxc4 27. bxc4 Qc6 (27... Qf7 $142) 28. Red1 Rab8 (28... Kh8 $16 {keeps fighting.}) 29. c5 $1 $18 dxc5 30. Qc4+ Kh8 (30... Kf8 $142 31. Bd2 Bf6) 31. Qf7 Qf6 32. Qxf6 Nxf6 33. Nxe5 {Black must now prevent Ng6+.} Kg8 34. Ng6 Rb7 35. Rc4 Bf8 36. Nxf8 Rxf8 37. Rxc5 Ne4 38. Ra5 Rf6 39. Rd8+ Kh7 40. g4 Rc6 41. Kg2 Rc2 42. Rxa6 {Threatening mate with Raa8.} Nxf2 43. Bxf2 {[%cal Og4g5] Intending g5! and mate.} Rbb2 {[#]} 44. Raa8 $1 {[%csl Ga8][%cal Rd8h8] White mates.} Rxf2+ 45. Kg3 {[%csl Ga8][%cal Rd8h8]} Rg2+ 46. Kh4 {[%csl Ga8][%cal Rd8h8]} g5+ 47. fxg6+ Kxg6 48. Rd6+ Kf7 49. Ra7+ {Black did not feel at home in the position after the opening.  Weighted Error Value: White=0.03 (flawless) /Black=0.40} 1-0

[Event "19th Delhi GM Open 2022"]
[Site "Delhi"]
[Date "2022.03.22"]
[Round "1.5"]
[White "Dutta, Joydeep"]
[Black "Sethuraman, S.P."]
[Result "0-1"]
[WhiteElo "2101"]
[BlackElo "2619"]
[Annotator "TA"]
[PlyCount "51"]
[EventDate "2022.03.22"]
[EventType "swiss"]
[EventCountry "IND"]
[SourceTitle "playchess.com"]
[Source "ChessBase"]
[SourceQuality "1"]

{[%evp 10,51,15,17,8,23,25,33,36,20,88,91,81,80,89,87,180,121,122,118,118,113,147,159,150,150,133,118,122,103,145,147,150,110,120,106,119,103,118,108,120,-230,-231,-1235]} 1. d4 d6 2. Nf3 g6 3. e4 Bg7 4. h3 Nf6 5. Nc3 O-O 6. Bg5 a6 {B08: Pirc Defence: Classical System.} 7. a4 Nc6 8. d5 Na7 {White is slightly better.} 9. Bd3 c5 (9... c6 $11) 10. O-O $16 {[#]} h6 $146 ({Predecessor:} 10... Bd7 11. Qe2 h6 12. Bh4 Nh5 13. e5 dxe5 14. d6 Nf4 15. Qe4 Bf6 16. Nxe5 Bxh4 17. Qxf4 {1-0 (72) Hodina,J-McEntee,T USA 2004}) 11. Be3 Qc7 12. Re1 Rb8 (12... Re8 $16 {was worth a try.}) 13. Bf4 (13. Qd2 $18) 13... Nd7 {Inhibits e5.} 14. a5 c4 15. Bf1 b5 {To avoid Na4} 16. axb6 $1 Nxb6 17. Qd2 Kh7 18. Nd4 {To avoid Nb5} Nd7 19. Ra2 Bb7 (19... Re8 $142) 20. Be3 Nc8 21. Rea1 Ncb6 22. b4 cxb3 23. cxb3 Rfc8 24. Rc1 Nc5 {[%cal Oc5e4] [#] And now ...Nxe4! would win.} 25. Ra3 $2 {[%mdl 8192]} (25. Rcc2 $16 {and life is bright.}) 25... Nxe4 $1 $19 26. Ra2 $2 {Weighted Error Value: White=0.43/Black=0.17 (very precise)} (26. Nxe4 Qxc1 27. Qxc1 Rxc1 28. Bxc1 Bxd4 29. Bxa6) 0-1

[Event "19th Delhi GM Open 2022"]
[Site "Delhi"]
[Date "2022.03.22"]
[Round "1.6"]
[White "Gukesh D"]
[Black "Sudarshan Bhat"]
[Result "1-0"]
[WhiteElo "2614"]
[BlackElo "2100"]
[Annotator "ChessBase"]
[PlyCount "53"]
[EventDate "2022.03.22"]
[EventType "swiss"]
[EventCountry "IND"]
[SourceTitle "playchess.com"]
[Source "ChessBase"]
[SourceQuality "1"]
[TimeControl "5400+30"]

1. d4 {[%emt 0:00:30]} Nf6 {[%emt 0:00:30]} 2. c4 {[%emt 0:00:27]} e6 {[%emt 0:00:23]} 3. Nc3 {[%emt 0:00:42]} Bb4 {[%emt 0:00:29]} 4. a3 {[%emt 0:01:27]} Bxc3+ {[%emt 0:00:34]} 5. bxc3 {[%emt 0:00:07]} c5 {[%emt 0:00:35]} 6. e3 {[%emt 0:00:22]} Nc6 {[%emt 0:00:34]} 7. Bd3 {[%emt 0:00:10]} b6 {[%emt 0:00:48]} 8. Ne2 {[%emt 0:01:19]} Ba6 {[%emt 0:00:32]} 9. e4 {[%emt 0:06:35]} e5 {[%emt 0:17:09]} 10. f4 {[%emt 0:03:52]} O-O {[%emt 0:13:45]} 11. fxe5 {[%emt 0:02:37]} Ne8 {[%emt 0:00:41]} 12. O-O {[%emt 0:00:51]} d6 {[%emt 0:01:20]} 13. exd6 {[%emt 0:32:38]} Nxd6 {[%emt 0:00:54]} 14. e5 {[%emt 0:01:09]} Nxc4 {[%emt 0:03:22]} 15. Ng3 {[%emt 0:00:56]} Nxd4 {[%emt 0:17:56]} 16. Qh5 {[%emt 0:02:45]} g6 {[%emt 0:04:20]} 17. Qh3 {[%emt 0:01:55]} Nb3 {[%emt 0:19:02]} 18. Ne4 {[%emt 0:01:47]} f5 {[%emt 0:03:42]} 19. exf6 {[%emt 0:01:36]} Nxa1 {[%emt 0:06:47]} 20. Ng5 {[%emt 0:02:51]} h5 {[%emt 0:03:54]} 21. f7+ {[%emt 0:01:32]} Rxf7 {[%emt 0:02:05]} 22. Nxf7 {[%emt 0:01:04]} Qd5 {[%emt 0:01:08]} 23. Qg3 {[%emt 0:00:25]} Ne5 {[%emt 0:00:47]} 24. Nxe5 {[%emt 0:01:52]} Bxd3 {[%emt 0:00:18]} 25. Nxd3 {[%emt 0:00:07]} Kh7 {[%emt 0:00:50]} 26. Qc7+ {[%emt 0:00:20]} Kh8 {[%emt 0:00:32]} 27. Rf7 {[%emt 0:00:24]} 1-0

[Event "19th Delhi GM Open 2022"]
[Site "Delhi"]
[Date "2022.03.22"]
[Round "1.7"]
[White "Dhruv Khosla"]
[Black "Lalith Babu M R"]
[Result "0-1"]
[WhiteElo "2072"]
[BlackElo "2563"]
[Annotator "ChessBase"]
[PlyCount "76"]
[EventDate "2022.03.22"]
[EventType "swiss"]
[EventCountry "IND"]
[SourceTitle "playchess.com"]
[Source "ChessBase"]
[SourceQuality "1"]
[TimeControl "5400+30"]

1. e4 {[%emt 0:00:04]} e5 {[%emt 0:00:10]} 2. Nf3 {[%emt 0:00:06]} Nc6 {[%emt 0:00:05]} 3. Bb5 {[%emt 0:00:06]} a6 {[%emt 0:00:05]} 4. Ba4 {[%emt 0:00:04]} Nf6 {[%emt 0:00:29]} 5. O-O {[%emt 0:00:07]} Nxe4 {[%emt 0:00:36]} 6. d4 {[%emt 0:00:28]} b5 {[%emt 0:00:04]} 7. Bb3 {[%emt 0:00:18]} d5 {[%emt 0:00:04]} 8. dxe5 {[%emt 0:00:13]} Be6 {[%emt 0:00:04]} 9. Qe2 {[%emt 0:00:12]} Be7 {[%emt 0:03:57]} 10. Rd1 {[%emt 0:00:57]} Na5 {[%emt 0:00:23]} 11. Nbd2 {[%emt 0:09:06]} Nc5 {[%emt 0:05:20]} 12. Nd4 {[%emt 0:08:53]} O-O {[%emt 0:02:30]} 13. c4 {[%emt 0:06:04]} bxc4 {[%emt 0:04:06]} 14. Nxc4 {[%emt 0:03:40]} Nxc4 {[%emt 0:12:01]} 15. Bxc4 {[%emt 0:01:06]} Qe8 {[%emt 0:00:03]} 16. Bb3 {[%emt 0:02:16]} Nxb3 {[%emt 0:01:00]} 17. axb3 {[%emt 0:01:04]} Bc8 {[%emt 0:02:04]} 18. Bf4 {[%emt 0:04:20]} c5 {[%emt 0:01:22]} 19. Nb5 {[%emt 0:01:12]} Qc6 {[%emt 0:00:10]} 20. Nd6 {[%emt 0:00:33]} Be6 {[%emt 0:00:04]} 21. Qf3 {[%emt 0:01:38]} f6 {[%emt 0:02:45]} 22. Nc4 {[%emt 0:03:15]} Rac8 {[%emt 0:04:09]} 23. Na5 {[%emt 0:04:07]} Qb5 {[%emt 0:02:23]} 24. Qg3 {[%emt 0:01:22]} Bd8 {[%emt 0:00:43]} 25. Qc3 {[%emt 0:13:06]} Bc7 {[%emt 0:10:41]} 26. h3 {[%emt 0:01:36]} d4 {[%emt 0:01:38]} 27. Qe1 {[%emt 0:01:47]} Rce8 {[%emt 0:00:10]} 28. Rdc1 {[%emt 0:14:08]} fxe5 {[%emt 0:04:04]} 29. Bd2 {[%emt 0:02:30]} Rf6 {[%emt 0:02:32]} 30. b4 {[%emt 0:02:01]} Rg6 {[%emt 0:00:35]} 31. Rxc5 {[%emt 0:00:57]} Qd7 {[%emt 0:00:02]} 32. Qc1 {[%emt 0:12:05]} Bd6 {[%emt 0:00:07]} 33. Ra3 {[%emt 0:02:42]} Bxc5 {[%emt 0:01:05]} 34. bxc5 {[%emt 0:00:12]} Bd5 {[%emt 0:00:54]} 35. Rg3 {[%emt 0:04:03]} Rxg3 {[%emt 0:00:05]} 36. fxg3 {[%emt 0:00:01]} Qb5 {[%emt 0:00:06]} 37. Be1 {[%emt 0:01:55]} e4 {[%emt 0:00:22]} 38. c6 {[%emt 0:00:44]} e3 {[%emt 0:00:05]} 0-1

[Event "19th Delhi GM Open 2022"]
[Site "Delhi"]
[Date "2022.03.22"]
[Round "1.8"]
[White "Visakh N R"]
[Black "Kavinda, Akila"]
[Result "1-0"]
[WhiteElo "2522"]
[BlackElo "2068"]
[Annotator "ChessBase"]
[PlyCount "63"]
[EventDate "2022.03.22"]
[EventType "swiss"]
[EventCountry "IND"]
[SourceTitle "playchess.com"]
[Source "ChessBase"]
[SourceQuality "1"]
[TimeControl "5400+30"]

1. d4 {[%emt 0:00:13]} Nf6 {[%emt 0:00:18]} 2. c4 {[%emt 0:00:07]} e6 {[%emt 0:00:21]} 3. g3 {[%emt 0:00:07]} Nc6 {[%emt 0:00:09]} 4. Bg2 {[%emt 0:00:34]} Bb4+ {[%emt 0:00:28]} 5. Bd2 {[%emt 0:00:12]} Qe7 {[%emt 0:02:00]} 6. e3 {[%emt 0:03:24]} O-O {[%emt 0:02:14]} 7. Ne2 {[%emt 0:00:03]} a5 {[%emt 0:01:56]} 8. Nbc3 {[%emt 0:00:19]} d6 {[%emt 0:03:25]} 9. O-O {[%emt 0:01:36]} Nb8 {[%emt 0:21:06]} 10. Nf4 {[%emt 0:03:28]} Bxc3 {[%emt 0:15:35]} 11. Bxc3 {[%emt 0:00:02]} c6 {[%emt 0:00:34]} 12. Nd3 {[%emt 0:00:50]} Nbd7 {[%emt 0:10:49]} 13. Qd2 {[%emt 0:08:19]} a4 {[%emt 0:02:43]} 14. Rfe1 {[%emt 0:00:24]} e5 {[%emt 0:05:50]} 15. f4 {[%emt 0:10:46]} e4 {[%emt 0:05:30]} 16. Nf2 {[%emt 0:02:45]} h5 {[%emt 0:09:37]} 17. b3 {[%emt 0:06:07]} Re8 {[%emt 0:02:44]} 18. Rac1 {[%emt 0:06:04]} axb3 {[%emt 0:09:58]} 19. axb3 {[%emt 0:00:22]} b6 {[%emt 0:01:12]} 20. h3 {[%emt 0:06:59]} Bb7 {[%emt 0:03:16]} 21. g4 {[%emt 0:00:27]} hxg4 {[%emt 0:00:21]} 22. hxg4 {[%emt 0:00:02]} Ra3 {[%emt 0:00:40]} 23. g5 {[%emt 0:01:21]} Nh5 {[%emt 0:00:18]} 24. Nxe4 {[%emt 0:00:38]} Rea8 {[%emt 0:00:39]} 25. Qd1 {[%emt 0:09:56]} d5 {[%emt 0:00:42]} 26. Qxh5 {[%emt 0:03:48]} dxe4 {[%emt 0:00:04]} 27. Re2 {[%emt 0:00:08]} Rxb3 {[%emt 0:00:37]} 28. Bf1 {[%emt 0:00:47]} f5 {[%emt 0:00:49]} 29. Rh2 {[%emt 0:00:02]} Nf8 {[%emt 0:00:31]} 30. g6 {[%emt 0:00:08]} Nxg6 {[%emt 0:00:23]} 31. Qxg6 {[%emt 0:00:03]} Raa3 {[%emt 0:00:13]} 32. Qh7+ {[%emt 0:00:23]} 1-0

[Event "19th Delhi GM Open 2022"]
[Site "Delhi"]
[Date "2022.03.22"]
[Round "1.9"]
[White "Santu, Mondal"]
[Black "Deepan Chakkravarthy J."]
[Result "0-1"]
[WhiteElo "2063"]
[BlackElo "2520"]
[Annotator "ChessBase"]
[PlyCount "84"]
[EventDate "2022.03.22"]
[EventType "swiss"]
[EventCountry "IND"]
[SourceTitle "playchess.com"]
[Source "ChessBase"]
[SourceQuality "1"]
[TimeControl "5400+30"]

1. d4 {[%emt 0:00:38]} Nf6 {[%emt 0:00:08]} 2. Nf3 {[%emt 0:00:37]} g6 {[%emt 0:00:09]} 3. g3 {[%emt 0:01:01]} Bg7 {[%emt 0:00:05]} 4. Bg2 {[%emt 0:00:04]} O-O {[%emt 0:00:03]} 5. O-O {[%emt 0:00:37]} b6 {[%emt 0:02:26]} 6. Ne5 {[%emt 0:02:59]} c6 {[%emt 0:01:00]} 7. c4 {[%emt 0:01:13]} Bb7 {[%emt 0:00:22]} 8. Nc3 {[%emt 0:04:40]} d6 {[%emt 0:00:15]} 9. Nd3 {[%emt 0:02:16]} Qc7 {[%emt 0:03:12]} 10. e4 {[%emt 0:03:27]} Nbd7 {[%emt 0:00:58]} 11. Be3 {[%emt 0:00:34]} e5 {[%emt 0:00:56]} 12. dxe5 {[%emt 0:16:38]} dxe5 {[%emt 0:00:36]} 13. h3 {[%emt 0:03:55]} Rfd8 {[%emt 0:04:37]} 14. Qc2 {[%emt 0:08:29]} Nf8 {[%emt 0:00:28]} 15. c5 {[%emt 0:00:07]} Ne6 {[%emt 0:01:09]} 16. Ne2 {[%emt 0:03:33]} Ba6 {[%emt 0:02:02]} 17. Rfd1 {[%emt 0:13:30]} Bxd3 {[%emt 0:01:06]} 18. Rxd3 {[%emt 0:00:51]} Rxd3 {[%emt 0:00:05]} 19. Qxd3 {[%emt 0:00:05]} bxc5 {[%emt 0:00:07]} 20. Rc1 {[%emt 0:00:24]} Nd7 {[%emt 0:00:09]} 21. h4 {[%emt 0:06:10]} Bf8 {[%emt 0:00:55]} 22. Bh3 {[%emt 0:01:22]} Nd4 {[%emt 0:00:18]} 23. Nc3 {[%emt 0:03:30]} Nb6 {[%emt 0:01:30]} 24. Qa6 {[%emt 0:02:35]} Rb8 {[%emt 0:05:10]} 25. b3 {[%emt 0:06:30]} h5 {[%emt 0:06:43]} 26. Kh2 {[%emt 0:07:48]} Kg7 {[%emt 0:01:14]} 27. Nd1 {[%emt 0:00:46]} c4 {[%emt 0:03:42]} 28. bxc4 {[%emt 0:01:19]} Nd7 {[%emt 0:00:01]} 29. Bxd7 {[%emt 0:02:00]} Qxd7 {[%emt 0:00:02]} 30. c5 {[%emt 0:04:48]} Rb5 {[%emt 0:01:19]} 31. Qa3 {[%emt 0:01:41]} Nf3+ {[%emt 0:09:25]} 32. Kg2 {[%emt 0:00:10]} Ne1+ {[%emt 0:00:04]} 33. Kh2 {[%emt 0:00:42]} Qg4 {[%emt 0:12:12]} 34. Nc3 {[%emt 0:01:54]} Nf3+ {[%emt 0:00:05]} 35. Kg2 {[%emt 0:00:08]} Rb7 {[%emt 0:00:03]} 36. Qa6 {[%emt 0:00:55]} Nxh4+ {[%emt 0:02:59]} 37. Kh2 {[%emt 0:00:23]} Nf3+ {[%emt 0:01:10]} 38. Kg2 {[%emt 0:00:04]} Rb4 {[%emt 0:10:09]} 39. Qxc6 {[%emt 0:00:34]} h4 {[%emt 0:01:41]} 40. Nd5 {[%emt 0:01:01]} Rb2 {[%emt 0:00:08]} 41. Qf6+ {[%emt 0:00:27]} Kg8 {[%emt 0:00:02]} 42. Kf1 {[%emt 0:00:34]} Qh3# 0-1